LEADER 01262nam a2200301 i 4500 001 000000151884 003 CaOOAMICUS 005 20060717000000.0 008 060717s1961 it u000 u ita u 013 $a129225 040 $aSeMil$bita 100 1 $aFriedrich, Hugo,$d<1904-1978>.$0(OLS)http://semarc/name/15470 245 13$aLa lirica moderna /$cHugo Friedrich. 260 $aMilano :$bGarzanti,$cstampa 1961. 300 $a320 p. ;$c18 cm. 490 0 $aLa cultura moderna. Testi 500 $aContiene : Nota bibliografica. - Fondo Ciprandi. 600 14$aRimbaud, Arthur <1854-1891>.$0(OLS)http://semarc/subject/6634 600 14$aMallarmé, Stéphane <1842-1898>.$0(OLS)http://semarc/subject/13394 600 14$aBaudelaire, Charles <1821-1867>.$0(OLS)http://semarc/subject/8085 650 4$aPoesia lirica - Europa - Sec. 20.$0(OLS)http://semarc/subject/29643 830 3$aLa cultura moderna. Testi.$0(OLS)http://semarc/title/21256 850 $aSeMil 852 $aSeMil$W1$xVenegono$y1$m1V II 185$j103863$B103863$CSeMilBibl$Z2$F112910 $81 941 1 $a1 961 $aOmaggio: Ciprandi dott. Paolo 996 $6245$aLa lirica moderna$9(OLS)http://semarc/title/222000 996 $6260$aMilano :$bGarzanti$9(OLS)http://semarc/publisher/29852 LEADER 01166nam a2200265 i 4500 001 000000155444 003 CaOOAMICUS 005 20061110000000.0 008 061110s1959 fr u000 u fre u 013 $a132796 040 $aSeMil$bita 100 1 $aDaniel-Rops,$c.$0(OLS)http://semarc/name/5511 245 12$aL'Église de la Cathédrale et de la Croisade. 250 $aéd. relue et corrigée par l'Auteur. 300 $a830 p. 490 0 $aLes grands études historiques 650 4$aChiesa - Storia - Medioevo.$0(OLS)http://semarc/subject/3291 650 4$aChiesa - Storia - Origini.$0(OLS)http://semarc/subject/1096 650 4$aCrociate.$0(OLS)http://semarc/subject/1433 773 0 $aDaniel-Rops $tHistoire de l'Église du Christ.$dParis : Librairie Arthème Fayard, [19--]$g3$w()16785 830 4$aLes grands études historiques.$0(OLS)http://semarc/title/22203 850 $aSeMil 852 $aSeMil$W1$xVenegono$y1$m3C I 3$j107276$B107276$CSeMilBibl$Z2$F116835 $81 961 $aRecupero: Altro 996 $6245$aL'Église de la Cathédrale et de la Croisade$9(OLS)http://semarc/title/227638 LEADER 00972nam a2200241 i 4500 001 000000166182 003 CaOOAMICUS 005 20071107000000.0 008 071107s1966 it u000 u ita u 013 $a143550 040 $aSeMil$bita 100 1 $aButor, Michel <1926-2016>.$0(OLS)http://semarc/name/52163 245 13$aIl passaggio /$cMichel Butor ; traduzione di Oreste Del Buono. 260 $aMilano :$bArnoldo Mondadori Editore,$c1966. 300 $a293 p. ;$c20 cm. 490 0 $aNuovi scrittori stranieri ;$v14 700 1 $aDel Buono, Oreste,$d<1923-2003>.$0(OLS)http://semarc/name/3892 830 0$aNuovi scrittori stranieri ;$v14.$0(OLS)http://semarc/title/24595 850 $aSeMil 852 $aSeMil$W1$xVenegono$y1$m1T III 98$j240633$B117353$CSeMilBibl$Z2$F128086 $81 961 $aRecupero: Altro 996 $6245$aIl passaggio$9(OLS)http://semarc/title/237356 996 $6260$aMilano :$bArnoldo Mondadori Editore$9(OLS)http://semarc/publisher/30056 LEADER 01062nam a2200217 i 4500 001 000000022349 003 CaOOAMICUS 005 20180830125445.0 008 180830s1972 gw u000 u und u 040 $aSeMil$bita 245 14$aDas Heilsgeschehen in der Gemeinde :$bGottes Gnadehandeln. 260 $aEinsiedeln [etc.] :$bBenziger,$c1972-1973. 300 $a2 v. ;$c24 cm. 650 4$aSalvezza - Teologia.$0(OLS)http://semarc/subject/319 650 4$aTeologia biblica - Soteriologia.$0(OLS)http://semarc/subject/3512 650 4$aEcclesiologia - Bibbia.$0(OLS)http://semarc/subject/3513 773 0 $tMysterium salutis.$dEinsiedeln [etc.] : Benziger, 1965-1981.$w()4077 774 0 $aBeinert, Wolfgang <1933- >$t1.$dEinsiedeln [etc.] : Benziger, 1972.$z3-545-22066-4$w()44932 774 0 $aBetz, Johannes$t2.$dEinsiedeln [etc.] : Benziger, 1973.$z3-545-22070-2$w()44936 996 $6245$aDas Heilsgeschehen in der Gemeinde :$bGottes Gnadehandeln$9(OLS)http://semarc/title/29807 996 $6260$aEinsiedeln [etc.] :$bBenziger$9(OLS)http://semarc/publisher/31237 LEADER 01274nam a2200301 i 4500 001 000000063287 003 CaOOAMICUS 005 20130415000000.0 008 130415s1994 xx u000 u fre u 013 $a34459 020 $a2-86959-200-0 040 $aSeMil$bita 100 1 $aGirard, René <1923-2015>.$0(OLS)http://semarc/name/19576 245 10$aQuand ces choses commenceront ... :$bentretiens avec Michel Treguer /$cRené Girard. 260 $aParis :$bArléa,$c1994. 300 $a198 p. ;$c21 cm. 500 $aFondo card. C. M. Martini. 600 14$aGirard, René.$0(OLS)http://semarc/subject/8754 650 4$aPensiero religioso - Sec. 20.$0(OLS)http://semarc/subject/12406 650 4$aGirard, René - Interviste.$0(OLS)http://semarc/subject/12407 700 1 $aTréguer, Michel <1940- >.$0(OLS)http://semarc/name/31993 850 $aSeMil 852 $aSeMil$W1$xVenegono$y1$m2D II 440$j29440$B29440$CSeMilBibl$Z2$F29443 $81 941 1 $a4 961 $aLascito: Martini Card. Carlo Maria 996 $6020$a2-86959-200-0$9(OLS)http://semarc/number/39983 996 $6245$aQuand ces choses commenceront ... :$bentretiens avec Michel Treguer$9(OLS)http://semarc/title/99920 996 $6260$aParis :$bArléa$9(OLS)http://semarc/publisher/42453 LEADER 00565naa a2200145 i 4500 001 000000327780 003 CaOOAMICUS 005 20180831173548.0 008 180831n it u000 u ita u 013 $a39372 040 $aSeMil$bita 245 13$aIl perdono dal pentimento alla riparazione. 650 4$aPerdono.$0(OLS)http://semarc/subject/13929 773 0 $tCultura della legalità e società multireligiosa.$dTrapani : Il pozzo di Giacobbe, 2013.$z978-88-6124-421-4$gp.61-68$w()142625 996 $6245$aIl perdono dal pentimento alla riparazione$9(OLS)http://semarc/title/416392